Principles of firmware engineering in microprogram control / (Record no. 179862)
[ view plain ]
| 000 -LEADER | |
|---|---|
| fixed length control field | 00953 a2200229 4500 |
| 003 - CONTROL NUMBER IDENTIFIER | |
| control field | Nust |
| 005 - DATE AND TIME OF LATEST TRANSACTION | |
| control field | 20220719181109.0 |
| 010 ## - LIBRARY OF CONGRESS CONTROL NUMBER | |
| LC control number | 80019386 |
| 020 ## - INTERNATIONAL STANDARD BOOK NUMBER | |
| International Standard Book Number | 0273085042 |
| 040 ## - CATALOGING SOURCE | |
| Transcribing agency | Nust |
| 082 00 - DEWEY DECIMAL CLASSIFICATION NUMBER | |
| Classification number | 001.64,AND |
| 100 1# - MAIN ENTRY--PERSONAL NAME | |
| Personal name | Andrews, Michael, |
| 9 (RLIN) | 93880 |
| 245 10 - TITLE STATEMENT | |
| Title | Principles of firmware engineering in microprogram control / |
| Statement of responsibility, etc. | Michael Andrews. |
| 260 ## - PUBLICATION, DISTRIBUTION, ETC. | |
| Place of publication, distribution, etc. | Potomac, Md. : |
| Name of publisher, distributor, etc. | Computer Science Press, |
| Date of publication, distribution, etc. | c1980. |
| 300 ## - PHYSICAL DESCRIPTION | |
| Extent | xv, 347 p. : |
| Other physical details | ill. ; |
| Dimensions | 24 cm. |
| 440 #0 - SERIES STATEMENT/ADDED ENTRY--TITLE | |
| Title | Digital system design series |
| 9 (RLIN) | 93881 |
| 505 ## - FORMATTED CONTENTS NOTE | |
| Formatted contents note | Control in Digital Machines (Page-1), Sequencing Inside the Control Unit (Page-43), Microinstruction Organization (Page-80), Minimization of ROM Width (Page-122), Firmware Engineering (Page-165), A Firmware Engineering Development Tool (Page-210), Microcontrollers (Page-275). |
| 650 #0 - SUBJECT ADDED ENTRY--TOPICAL TERM | |
| Topical term or geographic name entry element | Computer firmware. |
| 9 (RLIN) | 93882 |
| 650 #0 - SUBJECT ADDED ENTRY--TOPICAL TERM | |
| Topical term or geographic name entry element | Microprogramming. |
| 9 (RLIN) | 93883 |
| 650 #0 - SUBJECT ADDED ENTRY--TOPICAL TERM | |
| Topical term or geographic name entry element | System design. |
| 9 (RLIN) | 2255 |
| 942 ## - ADDED ENTRY ELEMENTS (KOHA) | |
| Source of classification or shelving scheme | |
| Koha item type | Book |
| Call number prefix | 001.64,AND |
| Withdrawn status | Lost status | Source of classification or shelving scheme | Damaged status | Not for loan | Permanent Location | Current Location | Shelving location | Date acquired | Full call number | Barcode | Date last seen | Price effective from | Koha item type | Public note |
|---|---|---|---|---|---|---|---|---|---|---|---|---|---|---|
| Military College of Signals (MCS) | Military College of Signals (MCS) | General Stacks | 12/12/2016 | 001.64 AND | MCS2525 | 12/08/2016 | 12/12/2016 | Book | Almirah No.1, Shelf No.1 |
